Statistiques concernant Capitales mondiales par la proximité

Cliquez ici pour prendre le quiz!

Statistiques générales

  • Ce quiz a été pris 53 792 fois
  • Le résultat moyen est 90 sur 196

Réponses sur la Carte

Les réponses sont colorées sur une échelle allant du rouge au vert en fonction du pourcentage des utilisateurs qui les ont devinées à leur premier essai. Vous pouvez retrouver ces pourcentages ci-dessous.
Chargement ...
 

Statistiques - réponses

Capital% Correct
Luxembourg
99%
Ljubljana
98%
Saint-Marin
98%
Londres
98%
Paris
98%
Berne
98%
Berlin
98%
Prague
98%
Vaduz
98%
Bruxelles
98%
Andorre-la-Vieille
98%
Monaco
98%
Amsterdam
98%
Dublin
95%
Riga
89%
Vilnius
89%
Minsk
88%
Podgorica
87%
Alger
87%
Rome
86%
Vatican
86%
Bratislava
86%
Budapest
86%
Madrid
86%
Rabat
85%
Belgrade
85%
Sarajevo
85%
Vienne
85%
Tirana
85%
Copenhague
84%
Sofia
84%
Skopje
84%
Zagreb
83%
Tallinn
83%
Helsinki
83%
Pristina
82%
Kiev
80%
Washington
80%
Ottawa
80%
Lisbonne
80%
Varsovie
79%
Moscou
78%
Bucarest
78%
La Valette
76%
Tunis
75%
Stockholm
75%
Nicosie
73%
Chișinău
71%
Oslo
70%
Ankara
70%
Mexico
68%
Pyongyang
68%
Pékin
68%
Séoul
68%
Athènes
67%
Damas
65%
Amman
65%
Jérusalem
65%
Beyrouth
65%
Brasilia
60%
Montevideo
55%
Buenos Aires
55%
Conakry
55%
Belmopan
55%
Managua
54%
Freetown
54%
San José
54%
Bissau
54%
Banjul
53%
Le Caire
53%
Tokyo
52%
Kingston
52%
Bagdad
51%
Nassau
51%
La Havane
49%
Panama
49%
Dakar
48%
Bogotá
47%
Koweït
46%
Nouakchott
45%
Erevan
44%
Islamabad
44%
Praia
43%
Yamoussoukro
43%
Katmandou
42%
Manama
42%
Saint George's
41%
New Delhi
41%
Gaborone
41%
Castries
41%
Basseterre
41%
Saint-Domingue
41%
Saint John's
41%
Roseau
41%
Bridgetown
41%
Caracas
41%
Port-d'Espagne
41%
Kingstown
41%
Ouagadougou
40%
Guatemala
40%
Riyad
40%
Maputo
40%
San Salvador
40%
Mbabane
40%
Harare
40%
Pretoria
40%
Tegucigalpa
40%
Maseru
39%
Yaoundé
39%
Abuja
38%
Tripoli
38%
Porto-Novo
38%
Lomé
38%
Abou Dabi
37%
Libreville
37%
Accra
37%
Doha
37%
Kinshasa
36%
Brazzaville
36%
Sao Tomé
36%
Lima
35%
Canberra
34%
Bamako
34%
Téhéran
33%
Niamey
33%
Malabo
32%
Reykjavik
32%
Quito
32%
Santiago
31%
Singapour
31%
Port-au-Prince
31%
Bakou
31%
Tbilissi
30%
Vientiane
29%
Bangkok
29%
Jakarta
28%
Djouba
28%
Monrovia
28%
Hanoï
27%
Georgetown
27%
Gitega
26%
Nairobi
26%
Dodoma
26%
Kampala
26%
Kigali
26%
La Paz
26%
Phnom Penh
26%
Luanda
26%
Naypyidaw
26%
Asmara
25%
Addis-Abeba
25%
Mascate
24%
Djibouti
22%
Tachkent
22%
Douchanbé
22%
Achgabat
22%
Sanaa
22%
Kuala Lumpur
19%
Kaboul
19%
Wellington
17%
Ndjamena
17%
Bichkek
16%
Khartoum
15%
Dacca
15%
Paramaribo
14%
Thimphou
14%
Asunción
13%
Bangui
13%
Oulan-Bator
12%
Noursoultan
12%
Antananarivo
11%
Manille
11%
Moroni
11%
Lilongwe
9%
Malé
7%
Lusaka
7%
Colombo
7%
Nukuʻalofa
7%
Windhoek
6%
Suva
5%
Mogadiscio
5%
Taipei
5%
Tarawa
4%
Yaren
4%
Dili
4%
Majuro
4%
Apia
4%
Victoria
3%
Port Moresby
3%
Port-Louis
3%
Palikir
2%
Port-Vila
2%
Honiara
2%
Funafuti
2%
Melekeok
1%
Bandar Seri
Begawan
1%

Distribution des résultats

Percentile par nombre de réponses

% des personnes avec chaque résultat

Votre développement - résultats

Vous n’avez pas pris ce quiz